000 00270nam a22001217a 4500
008 181220b xxu||||| |||| 00| 0 eng d
041 _aeng
080 _a530
100 _a43
101 _aFIZ
245 _aPrinciples of College Physics
_cShortley,G
942 _2udc
_cBK
999 _c53538
_d53538